Valorant Guns with Price - Statistiken

Allgemein
  • Dieses Quiz wurde 467 mal gespielt
  • Das Durchschnittsergebnis liegt bei 17 aus 18
Antwortstatistiken
Gun Price % Korrekt
Vandal 2900
98%
Ghost 500
97%
Phantom 2900
97%
Operator 4700
96%
Sheriff 800
96%
Odin 3200
95%
Classic Free
94%
Frenzy 450
92%
Shorty 300
92%
Spectre 1600
92%
Bucky 900
91%
Ares 1600
90%
Guardian 2250
90%
Marshal 950
90%
Bulldog 2050
89%
Judge 1850
89%
Stinger 1100
87%
Outlaw 2400
80%
Keine übereinstimmenden Quizze gefunden
Verteilung der Resultate
Anzahl Personen mit jedem Resultat
Perzentil nach korrekt beantworteten Fragen
Ihre Resultats-Entwicklung
Sie haben dieses Quiz noch nicht gespielt